Paroles de "La chasse aux papillons" de Georges Brassens - Statistiques

Statistiques générales
  • Ce quiz a été pris 67 fois
  • Le résultat moyen est 168 sur 234
Statistiques - réponses
Paroles % Correct
à
100%
au
100%
chasse
100%
la
100%
La
100%
papillons
100%
aux
97%
le
97%
de
94%
et
89%
Et
89%
il
89%
Il
89%
Se
89%
se
89%
des
86%
Des
86%
sa
86%
ce
83%
en
83%
En
83%
Un
83%
Ils
81%
ils
81%
que
81%
Que
81%
bouche
78%
dans
78%
fleur
78%
qui
78%
les
75%
Les
75%
plus
75%
Allait
72%
bon
72%
elle
72%
l'âge
72%
ne
72%
pas
72%
Pas
72%
petit
72%
te
72%
du
69%
légère
69%
polisson
69%
Qu'on
69%
corsage
67%
dit
67%
fut
67%
l'oeil
67%
lui
67%
mon
67%
posa
67%
ramages
67%
sage
67%
son
67%
Sur
67%
va
67%
bâillon
64%
guise
64%
mémoire
64%
Ni
64%
ses
64%
village
64%
vont
64%
ait
61%
c'est
61%
cotillon
61%
criait
61%
fois
61%
jambe
61%
joyeux
61%
pleine
61%
remue-ménage
61%
sois
61%
sous
61%
vu
61%
d'aller
58%
davantage
58%
dessous
58%
dessus
58%
diable
58%
Ensemble
58%
feu
58%
même
58%
millions
58%
qu'il
58%
bocages
56%
bras
56%
chasseurs
56%
frais
56%
l'amour
56%
leur
56%
ménage
56%
Quand
56%
botillons
53%
Cendrillon
53%
Dieu
53%
Mais
53%
milliards
53%
plis
53%
promettant
53%
revinrent
53%
savaient
53%
vit
53%
cachait
50%
tant
50%
aiguillon
47%
fera
47%
l'orée
47%
qu'ils
47%
robe
47%
cage
44%
charmant
44%
coeurs
44%
épargneront
44%
l'âme
44%
l'échancrure
44%
nuages
44%
quitter
44%
ravie
44%
vers
44%
Comme
42%
feront
42%
J't'emmène
42%
âge
39%
j'présage
39%
ombrages
39%
quenouille
39%
s'aimeront
39%
volcan
39%
bonjour
36%
Filant
36%
tendre
36%
voler
36%
fit
33%
Met
33%
neuve
33%
atteignait
31%
Porteurs
31%
chagrins
28%
transperçait
25%
Aucun quiz correspondant
Distribution des résultats
% des personnes avec chaque résultat
Percentile par nombre de réponses
Votre historique - résultats
Vous n’avez pas pris ce quiz